书目信息 |
| 题名: |
略语手册
|
|
| 作者: | 李熙宗 , 孙莲劳 编 | |
| 分册: | ||
| 出版信息: | 上海 知识出版社 1986 |
|
| 页数: | 819页 | |
| 开本: | 19cm | |
| 丛书名: | 百科手册 | |
| 单 册: | ||
| 中图分类: | H136.6 | |
| 科图分类: | ||
| 主题词: | 汉语--简称 | |
| 电子资源: | ||
| ISBN: | ||
| 000 | 00702nam0 2200265 45 | |
| 001 | 0186017056 | |
| 005 | 20050418154703.9 | |
| 010 | @dCNY4.45 | |
| 091 | @a9214.1007 | |
| 100 | @a19900809d1986 emky0chiy0121 ea | |
| 101 | 0 | @achi |
| 102 | @aCN@b310000 | |
| 105 | @ay e 000yy | |
| 200 | 10 | @a略语手册@Alue yu shou ce@f李熙宗, 孙莲劳编@FLi Xi Zong,Sun Lian Lao Bian |
| 210 | @a上海@c知识出版社@d1986 | |
| 215 | @a819页@d19cm | |
| 225 | @a百科手册@i语文 | |
| 410 | @12001 @a百科手册 | |
| 606 | 0 | @a汉语@x简称 |
| 690 | @aH136.6@v3 | |
| 701 | 0 | @a李熙宗@4编 |
| 701 | 0 | @a孙莲劳@4编 |
| 801 | 0 | @aCN@b深圳图书馆@c20050418 |
| 801 | 2 | @aCN@bNLC@c20050418 |
| 905 | @f2@b171394-395@dH136.6@e119 | |
| 略语手册/李熙宗, 孙莲劳编.-上海:知识出版社,1986 |
| 819页;19cm.-(百科手册.语文) |
| ISBN :CNY4.45 |
| ● |
| 相关链接 |
|
|
|
|
正题名:略语手册
索取号:H136.6/119
 
预约/预借
| 序号 | 登录号 | 条形码 | 馆藏地/架位号 | 状态 | 备注 |
| 1 | 0171394 | 000836652 | 密集书库/ [索取号:H136.6/119] | 在馆 | |
| 2 | 0171395 | 000836509 | 工具书阅览室/ [索取号:H136.6/119] | 在馆 | |
| 3 | 0171396 | 000836545 | 第二样本阅览室/ [索取号:H136.6/119] | 在馆 |